[Event "Mittelfrankenliga-B1 0506"]
[Site "Germany"]
[Date "2005.11.20"]
[Round "2.8"]
[White "Kotissek, Ulrich"]
[Black "Kirch, Daniel"]
[Result "0-1"]
[WhiteElo "1884"]
[BlackElo "1864"]
[PlyCount "54"]
[EventDate "2005.10.16"]
[EventType "team"]
[EventRounds "9"]
[EventCountry "GER"]
[SourceTitle "EXT 2007"]
[Source "ChessBase"]
[SourceDate "2006.11.23"]
[SourceVersion "1"]
[SourceVersionDate "2006.11.23"]
[SourceQuality "1"]

1. d4 Nf6 2. Nf3 e6 3. g3 b6 4. Bg2 Bb7 5. 0-0 d5 6. c4 Be7 7. Nc3 0-0 8. cxd5 Nxd5 9. Nxd5 exd5 10. Bf4 c5 11. Rc1 Nc6 12. dxc5 bxc5 13. Qb3 Na5 14. Qd3 Rc8 15. Rfd1 Qb6 16. Rc2 Rfd8 17. Bh3 Rc6 18. Ne5 Rcd6 19. Qf5 Rf6 20. Qh5 Bd6 21. Ng4 Rg6 22. Qf5 Bxf4 23. Qxf4 Bc8 24. Kg2 Nc4 25. b3 Nd6 26. Rxd5 Bb7 27. Rcxc5 Qxc5 0-1

[Event "Mittelfrankenliga-B1 0506"]
[Site "Germany"]
[Date "2005.10.16"]
[Round "1.7"]
[White "Kotissek, Ulrich"]
[Black "Vasilache, Catalin"]
[Result "0-1"]
[WhiteElo "1884"]
[BlackElo "1912"]
[PlyCount "56"]
[EventDate "2005.10.16"]
[EventType "team"]
[EventRounds "9"]
[EventCountry "GER"]
[SourceTitle "EXT 2007"]
[Source "ChessBase"]
[SourceDate "2006.11.23"]
[SourceVersion "1"]
[SourceVersionDate "2006.11.23"]
[SourceQuality "1"]

1. d4 d5 2. Nf3 Nf6 3. g3 b6 4. Bg2 Bb7 5. 0-0 e6 6. Bf4 Be7 7. Nbd2 0-0 8. Ne5 Nbd7 9. Ndf3 c5 10. c3 Ne4 11. Nxd7 Qxd7 12. Ne5 Qb5 13. Rb1 f6 14. Nd3 Rac8 15. f3 Nd6 16. a4 Qd7 17. Bxd6 Bxd6 18. e4 cxd4 19. cxd4 Rc4 20. Nf4 Rxd4 21. Qe1 Bc5 22. Kh1 dxe4 23. fxe4 Rd8 24. b4 Be7 25. a5 Rd2 26. Rf2 Rd1 27. Rxd1 Qxd1 28. Re2 Bxb4 0-1

[Event "Mittelfranken-chT 0405"]
[Site "Germany"]
[Date "2004.12.05"]
[Round "3.8"]
[White "Kotissek, Ulrich"]
[Black "Sarec, Ivica"]
[Result "1/2-1/2"]
[WhiteElo "1830"]
[BlackElo "2022"]
[PlyCount "46"]
[EventDate "2004.10.17"]
[EventType "team"]
[EventRounds "9"]
[EventCountry "GER"]
[SourceTitle "EXT 2007"]
[Source "ChessBase"]
[SourceDate "2006.11.23"]
[SourceVersion "1"]
[SourceVersionDate "2006.11.23"]
[SourceQuality "1"]

1. d4 Nf6 2. Nf3 c5 3. c3 e6 4. Bf4 Nc6 5. g3 d5 6. Bg2 Bd6 7. Bxd6 Qxd6 8. 0-0 0-0 9. Nbd2 a5 10. Re1 cxd4 11. Nxd4 Nxd4 12. cxd4 Qb4 13. Nb3 b6 14. a3 Qb5 15. Rb1 Bd7 16. e3 Qa6 17. Nc1 Rfc8 18. Nd3 Rc7 19. Bf1 Qa7 20. Rc1 Rac8 21. Rxc7 Rxc7 22. f3 Qb7 23. Qd2 Qc8 1/2-1/2

[Event "Regionalliga NO 9495"]
[Site "Bayern"]
[Date "1995.??.??"]
[Round "?.8"]
[White "Hoffmann, Ayar"]
[Black "Kotissek, Ulrich"]
[Result "1-0"]
[WhiteElo "1825"]
[BlackElo "1880"]
[PlyCount "71"]
[EventDate "1994.10.??"]
[EventType "team-tourn"]
[EventRounds "9"]
[EventCountry "GER"]
[SourceTitle "EXT 1999"]
[Source "ChessBase"]
[SourceDate "1998.11.16"]
[SourceVersion "1"]
[SourceVersionDate "1998.11.16"]
[SourceQuality "1"]
[WhiteTeam "Regensburg DJK II"]
[BlackTeam "Schwanstetten"]
[WhiteTeamCountry "GER"]
[BlackTeamCountry "GER"]

1. e4 c5 2. Nf3 d6 3. d4 cxd4 4. Nxd4 Nf6 5. Nc3 e6 6. Be2 Be7 7. Be3 0-0 8. g4 Nc6 9. g5 Ne8 10. h4 a6 11. Qd2 Qc7 12. 0-0-0 b5 13. Rdg1 b4 14. Nd1 Bb7 15. Kb1 Rc8 16. f3 Nxd4 17. Bxd4 e5 18. Be3 d5 19. Bd3 dxe4 20. fxe4 Nd6 21. Qg2 Qc6 22. Nf2 Nc4 23. Bc1 a5 24. h5 f5 25. gxf6 Bxf6 26. Ng4 Kh8 27. Bxc4 Qxe4 28. Bf1 Qf5 29. Bd3 Bxg2 30. Bxf5 Bxh1 31. Bxc8 Rxc8 32. Rxh1 Rc4 33. Nxf6 gxf6 34. Rg1 Rc7 35. h6 f5 36. b3 1-0